Statistics for NFL Mascots

Click here to take the quiz!

General Stats

  • This quiz has been taken 676 times
    (675 since last reset)
  • The average score is 15 of 26

Answer Stats

MascotTeam% Correct
Pat PatriotNew England Patriots
98%
Billy BuffaloBuffalo Bills
95%
Raider RusherOakland Raiders
89%
Jaxson de VilleJacksonville Jaguars
86%
Freddie FalconAtlanta Falcons
85%
K. C. WolfKansas City Chiefs
79%
Staley Da BearChicago Bears
77%
Steely McBeamPittsburgh Steelers
77%
BoltmanSan Diego Chargers
65%
Sir PurrCarolina Panthers
64%
ViktorMinnesota Vikings
60%
Who DeyCincinnati Bengals
59%
BlueIndianapolis Colts
56%
SwoopPhiladelphia Eagles
47%
Captain FearTampa Bay Buccaneers
46%
Big RedArizona Cardinals
44%
RoaryDetroit Lions
43%
ToroHouston Texans
43%
RowdyDallas Cowboys
40%
MilesDenver Broncos
37%
GumboNew Orleans Saints
37%
Poe, Rise and ConquerBaltimore Ravens
36%
T-RacTennessee Titans
35%
Blitz and BoomSeattle Seahawks
32%
T.D.Miami Dolphins
25%
ChompsCleveland Browns
24%

Score Distribution

Percentile by Number Answered

Percent of People with Each Score

Your Score History

You have not taken this quiz since the last reset